00895nam a2200241Ia 4500001000600000003000900006008004100015040001300056040001300069041001300082100001900095100002900114245006800143245004700211250001100258260001400269260001200283260004900295300005900344500019400403650002500597650003100622G5188IT-RoPAU130308s9999 xx 000 0 und d aIT-RoPAU cIT-RoPAU aITALIANO aChartier Roger gCodice Aut. SPICS: 44826 a"Letture e lettori ""popolari"" dal Rinascimento al Settecento" bStoria della Lettura nel Mondo Occidentale a2a ed. aROMA/BARI bLaterza c1999 [1° Ed.:1995 - Ed.Ling.Originale:1995] a"19 p. (prefazione: no ; testo: 19 [pagine: 317-335])" aLetture Condivise. mercato Popolare del testo Stampato. Appropriazioni Contrapposte. Leggere Ad Alta voce e Leggere in Silenzio. Formule Editoriali Erepertori Testuali. Maniere di Leggere. aSAGGI DI LINGUISTICA eCodice materia Spics: 3207